000 nam a22 7a 4500
999 _c7358
_d7358
008 170817b xxu||||| |||| 00| 0 eng d
020 _a817635287-X
100 _aHaddad Alexandria
_93896
245 _aMicrosoft powerpoint 2000
260 _aNew Delhi
_bTechmedia
_c1999